Catàleg del Col·legi de Periodistes de Catalunya

Diccionario de filosofía (Registre núm. 733)

000 -CABECERA
Longitud fija campo de control 00358nam a2200145 a 4500
001 - NÚMERO DE CONTROL
Número de control 733
003 - IDENTIFICADOR DEL NÚMERO DE CONTROL
Identificador del número de control CDMR
005 - FECHA Y HORA DE LA ÚLTIMA TRANSACCIÓN
Fecha y hora de la última transacción 20130116135157.0
008 - CÓDIGOS DE INFORMACIÓN DE LONGITUD FIJA
Códigos de información de longitud fija 130130s1963||||||||||||||||||||||||||||d
040 ## - FUENTE DE LA CATALOGACIÓN
Centro catalogador de origen CDMR
Lengua de catalogación cat
Centro transcriptor CDMR
100 1# - PUNTO DE ACCESO PRINCIPAL-NOMBRE DE PERSONA
Nombre de persona Abbagnano, Nicola
9 (RLIN) 569
245 10 - MENCIÓN DE TÍTULO
Título Diccionario de filosofía
260 ## - PUBLICACIÓN, DISTRIBUCIÓN, ETC. (PIE DE IMPRENTA)
Lugar de publicación, distribución, etc. México
Fecha de publicación, distribución, etc. 1963
Nombre del editor, distribuidor, etc. Fondo de Cultura Económica
942 ## - ENTRADA DE ELEMENTOS AGREGADOS (KOHA)
Koha [por defecto] tipo de item Monografies
Fons
Suprimido Perdido Estropeado No para préstamo Localización permanente Localización actual Fecha adquisición Préstamos totales Signatura completa Código de barras Fecha última consulta Fecha del precio de reemplazo Tipo de item de Koha
        Centre de Documentació Montserrat Roig Centre de Documentació Montserrat Roig 2013-01-16   Ab CDMR1312613662 2013-01-16 2013-01-16 Referència i consulta general

Implantat amb Koha